| 000 | 00700nam a2200229 a 4500 | ||
|---|---|---|---|
| 001 | BRCA_7595 | ||
| 005 | 20190320205914.0 | ||
| 008 | 210613s1955----it-a######---#000-0#ita-# | ||
| 041 | _aita | ||
| 044 | _ait | ||
| 050 | 4 |
_aND623.L6 _b.B47 1955 |
|
| 100 | 1 |
_aBerenson, Berhard _918735 |
|
| 245 | 1 | 0 |
_aLotto _cBerhard Berenson ; versione italiana dalla terza edizione inedita di Luisa Vertova. |
| 260 |
_aMilán, Italia _bElecta Editrice _c1955 |
||
| 300 |
_a252 p. _bil. (algunas a color), 407 láminas _c27 cm. |
||
| 500 | _aS115 | ||
| 600 | 1 | 4 |
_aLotto, Lorenzo _d1480?-1556? _99404 |
| 650 | 1 | 4 |
_aPintores italianos _97654 |
| 700 | 1 |
_aVertova, Luisa _etr. _918736 |
|
| 902 | _aGFM | ||
| 942 |
_2lcc _cB |
||
| 999 |
_c7269 _d7269 |
||